000 00798nam a22002297a 4500
003 OSt
005 20260223081522.0
008 260223b |||||||| |||| 00| 0 eng d
020 _a9781412962667
040 _aDWCL-Main Lib
_cOC
082 _aProf. 373.1809 F299 2009
100 _aFeinstein, Sheryl G
245 _aSecrets of the teenage brain : researched - based strategies for reaching and teaching today's adolescents.
260 _aCalifornia :
_bCorwin,
_cc2009.
300 _axi, 202 pages :
_billustrations ;
_c26 cm.
504 _aIncludes bibliographical references and index.2
650 _aAdolescents psychology - United States.
650 _aBrain.
650 _aLearning.
650 _aTeenagers education - United States.
942 _2ddc
_cPROF.
_mProf.
_n0
_eSecond edition
999 _c8500
_d8500